[Event "Deutsche Ländermeisterschaft 2021"]
[Site "Neumünster GER"]
[Date "2021.10.05"]
[Round "6"]
[White "Gutkin, Ilya"]
[Black "Lesny, Florian"]
[Result "1-0"]
[Termination "normal"]
[Board "3.2"]
[WhiteTitle "FM"]
[WhiteElo "2300"]
[BlackElo "2171"]
[WhiteClock "00:07:52"]
[BlackClock "00:14:32"]
[WhiteTeam "Nordrhein-Westfalen"]
[BlackTeam "Hessen"]
[PlyCount "137"]
[WhiteFideId "16203470"]
[BlackFideId "12973874"]
[EventCountry "GER"]
[EventRounds "7"]
[EventType "team-swiss"]
[EventDate "2021.10.01"]

1. Nf3 {[%clk 1:30:52]} Nf6 {[%clk 1:30:50]} 2. g3 {[%clk 1:31:17]} b5 {[%clk
1:31:05]} 3. Bg2 {[%clk 1:31:02]} Bb7 {[%clk 1:31:22]} 4. Na3 {[%clk 1:31:25]}
a6 {[%clk 1:31:18]} 5. c4 {[%clk 1:31:44]} e5 {[%clk 1:31:06]} 6. b3 {[%clk
1:19:16]} e4 {[%clk 1:11:32]} 7. Nh4 {[%clk 1:17:10]} b4 {[%clk 0:57:03]} 8.
Nc2 {[%clk 1:17:18]} g6 {[%clk 0:55:55]} 9. Bb2 {[%clk 1:13:44]} Bg7 {[%clk
0:52:25]} 10. Nxb4 {[%clk 0:59:52]} O-O {[%clk 0:52:27]} 11. O-O {[%clk
0:57:29]} Qe7 {[%clk 0:52:12]} 12. Nc2 {[%clk 0:56:31]} Re8 {[%clk 0:50:26]}
13. d3 {[%clk 0:48:16]} d6 {[%clk 0:48:28]} 14. Ne3 {[%clk 0:45:19]} Nbd7
{[%clk 0:47:09]} 15. Qc2 {[%clk 0:41:51]} exd3 {[%clk 0:43:28]} 16. Qxd3 {[%clk
0:41:25]} Nc5 {[%clk 0:41:00]} 17. Qc2 {[%clk 0:41:41]} Bxg2 {[%clk 0:41:00]}
18. Nhxg2 {[%clk 0:41:23]} Qd7 {[%clk 0:38:54]} 19. Rad1 {[%clk 0:37:32]} Nce4
{[%clk 0:34:19]} 20. Nd5 {[%clk 0:30:21]} Nxd5 {[%clk 0:33:37]} 21. Rxd5 {[%clk
0:26:17]} Nf6 {[%clk 0:30:58]} 22. Rd3 {[%clk 0:25:39]} Qf5 {[%clk 0:29:55]}
23. f3 {[%clk 0:19:50]} Nd7 {[%clk 0:29:13]} 24. Bxg7 {[%clk 0:19:31]} Kxg7
{[%clk 0:29:36]} 25. e4 {[%clk 0:19:38]} Qc5+ {[%clk 0:29:44]} 26. Kh1 {[%clk
0:14:30]} Ne5 {[%clk 0:26:28]} 27. Rd5 {[%clk 0:14:30]} Qb4 {[%clk 0:24:28]}
28. Ne3 {[%clk 0:12:38]} h5 {[%clk 0:22:26]} 29. Qd2 {[%clk 0:10:42]} Qxd2
{[%clk 0:22:25]} 30. Rxd2 {[%clk 0:11:06]} a5 {[%clk 0:21:27]} 31. Nd5 {[%clk
0:11:27]} Ra7 {[%clk 0:21:18]} 32. Nc3 {[%clk 0:08:47]} Nd7 {[%clk 0:16:09]}
33. Na4 {[%clk 0:07:36]} Re5 {[%clk 0:12:27]} 34. Rd5 {[%clk 0:07:50]} Kf6
{[%clk 0:12:09]} 35. Kg2 {[%clk 0:07:52]} Rxd5 {[%clk 0:11:00]} 36. cxd5 {[%clk
0:07:33]} Ke5 {[%clk 0:10:50]} 37. Kf2 {[%clk 0:07:46]} f5 {[%clk 0:10:14]} 38.
Ke3 {[%clk 0:06:43]} Kf6 {[%clk 0:06:13]} 39. Rc1 {[%clk 0:04:42]} fxe4 {[%clk
0:06:03]} 40. Kxe4 {[%clk 0:04:25]} Rb7 {[%clk 0:05:08]} 41. f4 {[%clk
0:29:31]} g5 {[%clk 0:33:27]} 42. h3 {[%clk 0:27:11]} Kg6 {[%clk 0:31:47]} 43.
fxg5 {[%clk 0:20:40]} Kxg5 {[%clk 0:30:51]} 44. Rc6 {[%clk 0:12:55]} Nf6+
{[%clk 0:28:07]} 45. Kd4 {[%clk 0:12:52]} h4 {[%clk 0:26:26]} 46. gxh4+ {[%clk
0:12:46]} Kxh4 {[%clk 0:26:43]} 47. Nc3 {[%clk 0:12:55]} Kxh3 {[%clk 0:24:34]}
48. Ra6 {[%clk 0:12:57]} Kg4 {[%clk 0:23:31]} 49. Rxa5 {[%clk 0:13:19]} Rb4+
{[%clk 0:22:08]} 50. Kd3 {[%clk 0:12:15]} Kf5 {[%clk 0:21:19]} 51. Ra7 {[%clk
0:10:56]} Ne8 {[%clk 0:20:49]} 52. Ra8 {[%clk 0:10:58]} Nf6 {[%clk 0:21:06]}
53. Rc8 {[%clk 0:11:13]} Ke5 {[%clk 0:19:30]} 54. Rxc7 {[%clk 0:11:21]} Nxd5
{[%clk 0:19:28]} 55. Nxd5 {[%clk 0:11:30]} Kxd5 {[%clk 0:19:48]} 56. Kc3 {[%clk
0:10:20]} Rh4 {[%clk 0:18:14]} 57. a4 {[%clk 0:10:27]} Rh1 {[%clk 0:17:28]} 58.
Kb4 {[%clk 0:10:17]} Ke4 {[%clk 0:16:25]} 59. a5 {[%clk 0:10:23]} d5 {[%clk
0:16:32]} 60. a6 {[%clk 0:10:02]} d4 {[%clk 0:16:29]} 61. a7 {[%clk 0:09:25]}
Ra1 {[%clk 0:16:32]} 62. Kb5 {[%clk 0:08:18]} d3 {[%clk 0:16:01]} 63. Kb6
{[%clk 0:08:05]} d2 {[%clk 0:14:48]} 64. Rd7 {[%clk 0:08:30]} Ra3 {[%clk
0:13:25]} 65. b4 {[%clk 0:07:15]} Ke3 {[%clk 0:13:40]} 66. Kb7 {[%clk 0:06:43]}
Rd3 {[%clk 0:13:57]} 67. Rxd3+ {[%clk 0:07:06]} Kxd3 {[%clk 0:14:15]} 68. a8=Q
{[%clk 0:07:29]} d1=Q {[%clk 0:14:32]} 69. Qd8+ {[%clk 0:07:52]} 1-0

[Event "Deutsche Ländermeisterschaft 2021"]
[Site "Neumünster GER"]
[Date "2021.10.05"]
[Round "6"]
[White "Bashylina, Luisa"]
[Black "Bakiev, Diyor"]
[Result "0-1"]
[Termination "normal"]
[Board "3.4"]
[WhiteTitle "WCM"]
[WhiteElo "2000"]
[BlackElo "2096"]
[WhiteClock "00:18:54"]
[BlackClock "00:47:15"]
[WhiteTeam "Nordrhein-Westfalen"]
[BlackTeam "Hessen"]
[PlyCount "120"]
[WhiteFideId "12983292"]
[BlackFideId "16241584"]
[EventCountry "GER"]
[EventRounds "7"]
[EventType "team-swiss"]
[EventDate "2021.10.01"]

1. d4 {[%clk 1:30:58]} Nf6 {[%clk 1:30:57]} 2. c4 {[%clk 1:31:15]} c5 {[%clk
1:31:23]} 3. d5 {[%clk 1:31:40]} g6 {[%clk 1:31:48]} 4. Nc3 {[%clk 1:32:03]}
Bg7 {[%clk 1:32:14]} 5. e4 {[%clk 1:31:58]} d6 {[%clk 1:32:40]} 6. h3 {[%clk
1:31:50]} O-O {[%clk 1:33:04]} 7. Nf3 {[%clk 1:32:12]} e6 {[%clk 1:33:24]} 8.
Bd3 {[%clk 1:32:08]} Na6 {[%clk 1:33:37]} 9. O-O {[%clk 1:31:59]} e5 {[%clk
1:34:04]} 10. Bg5 {[%clk 1:31:37]} h6 {[%clk 1:34:30]} 11. Be3 {[%clk 1:32:01]}
Nh7 {[%clk 1:34:50]} 12. Qd2 {[%clk 1:31:49]} f5 {[%clk 1:35:15]} 13. Bxh6
{[%clk 1:26:22]} f4 {[%clk 1:35:34]} 14. Bxg7 {[%clk 1:26:17]} Kxg7 {[%clk
1:35:59]} 15. Rfc1 {[%clk 1:14:52]} Rh8 {[%clk 1:32:49]} 16. Kf1 {[%clk
1:10:06]} Ng5 {[%clk 1:28:32]} 17. Ke2 {[%clk 1:03:17]} Bxh3 {[%clk 1:05:21]}
18. gxh3 {[%clk 0:55:54]} Nxf3 {[%clk 1:05:05]} 19. Kxf3 {[%clk 0:56:14]} Rxh3+
{[%clk 1:05:23]} 20. Ke2 {[%clk 0:56:31]} Nb4 {[%clk 1:03:22]} 21. Rg1 {[%clk
0:53:57]} Rxd3 {[%clk 1:03:20]} 22. Qxd3 {[%clk 0:54:11]} Nxd3 {[%clk 1:03:45]}
23. Kxd3 {[%clk 0:54:36]} Qh4 {[%clk 1:03:22]} 24. Raf1 {[%clk 0:51:18]} Rh8
{[%clk 1:02:41]} 25. Nb5 {[%clk 0:48:16]} Qh3+ {[%clk 1:01:13]} 26. Ke2 {[%clk
0:40:56]} Qd7 {[%clk 0:59:38]} 27. Rg5 {[%clk 0:35:48]} Rh5 {[%clk 0:58:00]}
28. Rgg1 {[%clk 0:31:56]} a6 {[%clk 0:57:20]} 29. Nc3 {[%clk 0:31:51]} Qe7
{[%clk 0:56:12]} 30. Rg2 {[%clk 0:29:42]} Rg5 {[%clk 0:52:29]} 31. Rh2 {[%clk
0:29:40]} f3+ {[%clk 0:50:22]} 32. Kxf3 {[%clk 0:25:14]} Qf6+ {[%clk 0:50:40]}
33. Ke2 {[%clk 0:25:32]} Qf4 {[%clk 0:50:57]} 34. Rh3 {[%clk 0:23:52]} Qg4+
{[%clk 0:48:49]} 35. Rf3 {[%clk 0:24:13]} Rh5 {[%clk 0:48:11]} 36. Ke3 {[%clk
0:23:31]} Rh3 {[%clk 0:48:10]} 37. Rxh3 {[%clk 0:23:47]} Qxh3+ {[%clk 0:48:34]}
38. Ke2 {[%clk 0:24:07]} Qg4+ {[%clk 0:48:50]} 39. Ke3 {[%clk 0:22:06]} Qf4+
{[%clk 0:41:03]} 40. Ke2 {[%clk 0:21:46]} g5 {[%clk 0:38:13]} 41. f3 {[%clk
0:10:43]} Qh2+ {[%clk 0:35:27]} 42. Rf2 {[%clk 0:10:50]} Qg1 {[%clk 0:35:47]}
43. Nd1 {[%clk 0:10:42]} Kf6 {[%clk 0:34:20]} 44. b3 {[%clk 0:09:35]} Ke7
{[%clk 0:34:02]} 45. Ne3 {[%clk 0:05:37]} Qb1 {[%clk 0:32:53]} 46. Nf5+ {[%clk
0:05:44]} Kd7 {[%clk 0:33:09]} 47. Ke3 {[%clk 0:05:58]} b5 {[%clk 0:32:23]} 48.
Rd2 {[%clk 0:24:26]} bxc4 {[%clk 1:01:48]} 49. bxc4 {[%clk 0:24:45]} Qc1 {[%clk
1:00:01]} 50. Kd3 {[%clk 0:24:08]} Qf1+ {[%clk 1:00:16]} 51. Re2 {[%clk
0:22:30]} Qxf3+ {[%clk 1:00:35]} 52. Ne3 {[%clk 0:22:47]} g4 {[%clk 0:59:19]}
53. Rg2 {[%clk 0:22:34]} g3 {[%clk 0:59:39]} 54. Rb2 {[%clk 0:22:20]} Kc7
{[%clk 0:56:57]} 55. Rg2 {[%clk 0:22:21]} a5 {[%clk 0:56:10]} 56. Rb2 {[%clk
0:22:33]} Qh1 {[%clk 0:54:17]} 57. Rc2 {[%clk 0:21:11]} Qa1 {[%clk 0:51:53]}
58. Ke2 {[%clk 0:19:04]} Qh1 {[%clk 0:49:18]} 59. Kd3 {[%clk 0:19:16]} a4
{[%clk 0:47:15]} 60. Rb2 {[%clk 0:18:54]} Qa1 0-1

[Event "Deutsche Ländermeisterschaft 2021"]
[Site "Neumünster GER"]
[Date "2021.10.05"]
[Round "6"]
[White "Besou, Hussain"]
[Black "Buchholz, Maja"]
[Result "1-0"]
[Termination "normal"]
[Board "3.6"]
[WhiteElo "1995"]
[BlackElo "1748"]
[WhiteClock "00:55:33"]
[BlackClock "00:44:36"]
[WhiteTeam "Nordrhein-Westfalen"]
[BlackTeam "Hessen"]
[PlyCount "59"]
[WhiteFideId "16269950"]
[BlackFideId "16200500"]
[EventCountry "GER"]
[EventRounds "7"]
[EventType "team-swiss"]
[EventDate "2021.10.01"]

1. d4 {[%clk 1:30:57]} Nf6 {[%clk 1:30:54]} 2. c4 {[%clk 1:31:23]} c5 {[%clk
1:31:18]} 3. d5 {[%clk 1:31:48]} g6 {[%clk 1:31:43]} 4. Nc3 {[%clk 1:32:13]}
Bg7 {[%clk 1:32:06]} 5. e4 {[%clk 1:32:38]} d6 {[%clk 1:32:30]} 6. h3 {[%clk
1:32:54]} O-O {[%clk 1:32:51]} 7. Be3 {[%clk 1:32:11]} e6 {[%clk 1:32:57]} 8.
Nf3 {[%clk 1:32:04]} Na6 {[%clk 1:32:29]} 9. Bd3 {[%clk 1:29:10]} e5 {[%clk
1:32:04]} 10. g4 {[%clk 1:25:18]} Bd7 {[%clk 1:26:52]} 11. a3 {[%clk 1:24:27]}
Rb8 {[%clk 1:23:08]} 12. Rb1 {[%clk 1:21:42]} Ne8 {[%clk 1:12:07]} 13. Rg1
{[%clk 1:20:36]} Qc8 {[%clk 1:05:52]} 14. Nd2 {[%clk 1:12:55]} f5 {[%clk
1:00:42]} 15. gxf5 {[%clk 1:13:19]} gxf5 {[%clk 1:00:56]} 16. exf5 {[%clk
1:13:40]} Bxf5 {[%clk 1:00:15]} 17. Bxf5 {[%clk 1:13:58]} Rxf5 {[%clk 0:58:54]}
18. Qg4 {[%clk 1:13:18]} Qd7 {[%clk 0:57:40]} 19. Nde4 {[%clk 1:13:04]} Nac7
{[%clk 0:57:07]} 20. b4 {[%clk 1:04:24]} cxb4 {[%clk 0:56:39]} 21. axb4 {[%clk
1:04:27]} b6 {[%clk 0:54:25]} 22. Rd1 {[%clk 1:00:49]} Na6 {[%clk 0:50:07]} 23.
Nb5 {[%clk 0:57:01]} Rf7 {[%clk 0:49:58]} 24. Nbxd6 Qxg4 {[%clk 0:48:48]} 25.
Rxg4 {[%clk 0:57:16]} Nxd6 {[%clk 0:49:04]} 26. Nxd6 {[%clk 0:57:39]} Rd7
{[%clk 0:46:29]} 27. c5 {[%clk 0:55:31]} Nxb4 {[%clk 0:45:49]} 28. Rxb4 {[%clk
0:55:54]} Bf8 {[%clk 0:44:37]} 29. Ne4 {[%clk 0:55:09]} b5 {[%clk 0:44:36]} 30.
Nf6+ {[%clk 0:55:33]} 1-0

[Event "Deutsche Ländermeisterschaft 2021"]
[Site "Neumünster GER"]
[Date "2021.10.05"]
[Round "6"]
[White "Buchinger, Alexis"]
[Black "Trunz, Michelle"]
[Result "1-0"]
[Termination "normal"]
[Board "3.7"]
[WhiteElo "1614"]
[BlackElo "1722"]
[WhiteClock "00:53:21"]
[BlackClock "00:14:22"]
[WhiteTeam "Hessen"]
[BlackTeam "Nordrhein-Westfalen"]
[PlyCount "79"]
[WhiteFideId "16287134"]
[BlackFideId "16227980"]
[EventCountry "GER"]
[EventRounds "7"]
[EventType "team-swiss"]
[EventDate "2021.10.01"]

1. Nf3 {[%clk 1:30:55]} d5 {[%clk 1:30:33]} 2. d4 {[%clk 1:31:18]} e6 {[%clk
1:29:48]} 3. Bf4 {[%clk 1:30:19]} Nf6 {[%clk 1:28:45]} 4. e3 {[%clk 1:28:31]}
Be7 {[%clk 1:27:39]} 5. h3 {[%clk 1:27:43]} b6 {[%clk 1:26:54]} 6. c4 {[%clk
1:25:20]} O-O {[%clk 1:26:13]} 7. Nc3 {[%clk 1:25:03]} Ba6 {[%clk 1:18:37]} 8.
Qb3 {[%clk 1:20:16]} Bxc4 {[%clk 1:10:14]} 9. Bxc4 {[%clk 1:20:14]} dxc4 {[%clk
1:10:39]} 10. Qxc4 {[%clk 1:20:35]} Bd6 {[%clk 1:07:47]} 11. Bxd6 {[%clk
1:18:01]} cxd6 {[%clk 1:07:44]} 12. O-O {[%clk 1:16:58]} Nbd7 {[%clk 1:06:43]}
13. Nb5 {[%clk 1:14:55]} d5 {[%clk 1:02:48]} 14. Qb4 {[%clk 1:14:46]} a6 {[%clk
1:01:30]} 15. Nd6 {[%clk 1:10:05]} Qe7 {[%clk 0:58:12]} 16. Ne5 {[%clk
1:05:54]} Nxe5 {[%clk 0:50:02]} 17. dxe5 {[%clk 1:06:01]} Nd7 {[%clk 0:43:15]}
18. f4 {[%clk 0:58:57]} Rfd8 {[%clk 0:40:45]} 19. Rac1 {[%clk 0:57:46]} f6
{[%clk 0:39:49]} 20. Rc7 {[%clk 0:56:59]} Qf8 {[%clk 0:28:55]} 21. Qc3 {[%clk
0:55:18]} Nc5 {[%clk 0:22:22]} 22. Rf7 {[%clk 0:52:37]} Qxf7 {[%clk 0:22:39]}
23. Nxf7 {[%clk 0:52:58]} Kxf7 {[%clk 0:23:01]} 24. b4 {[%clk 0:53:09]} Ne4
{[%clk 0:21:59]} 25. Qc7+ {[%clk 0:53:26]} Kf8 {[%clk 0:21:39]} 26. exf6 {[%clk
0:53:29]} Nxf6 {[%clk 0:21:37]} 27. Qxb6 {[%clk 0:53:43]} Kf7 {[%clk 0:19:58]}
28. Rc1 {[%clk 0:53:29]} Nd7 {[%clk 0:19:40]} 29. Rc7 {[%clk 0:53:40]} Rac8
{[%clk 0:17:35]} 30. Qd6 {[%clk 0:52:37]} Rxc7 {[%clk 0:17:46]} 31. Qxc7 {[%clk
0:52:57]} Ke7 {[%clk 0:18:00]} 32. a4 {[%clk 0:53:22]} Rb8 {[%clk 0:17:44]} 33.
Qc3 {[%clk 0:53:29]} g6 {[%clk 0:17:04]} 34. Qg7+ {[%clk 0:53:09]} Kd6 {[%clk
0:17:15]} 35. Qxh7 {[%clk 0:52:58]} Rxb4 {[%clk 0:17:20]} 36. Qxg6 {[%clk
0:53:16]} Rxa4 {[%clk 0:17:06]} 37. h4 {[%clk 0:53:28]} Rb4 {[%clk 0:16:15]}
38. h5 {[%clk 0:53:49]} a5 {[%clk 0:14:24]} 39. h6 {[%clk 0:53:58]} a4 {[%clk
0:14:22]} 40. Qg7 {[%clk 0:53:21]} 1-0

[Event "Deutsche Ländermeisterschaft 2021"]
[Site "Neumünster GER"]
[Date "2021.10.05"]
[Round "6"]
[White "Trunz, Tamila"]
[Black "Neininger, Sarah"]
[Result "1-0"]
[Termination "normal"]
[Board "3.8"]
[WhiteElo "1298"]
[BlackElo "1412"]
[WhiteClock "00:03:50"]
[BlackClock "00:15:43"]
[WhiteTeam "Nordrhein-Westfalen"]
[BlackTeam "Hessen"]
[PlyCount "83"]
[WhiteFideId "16267885"]
[BlackFideId "16287410"]
[EventCountry "GER"]
[EventRounds "7"]
[EventType "team-swiss"]
[EventDate "2021.10.01"]

1. e4 {[%clk 1:30:56]} c5 {[%clk 1:30:52]} 2. Nf3 {[%clk 1:31:20]} Nc6 {[%clk
1:31:13]} 3. d4 {[%clk 1:31:43]} cxd4 {[%clk 1:31:35]} 4. Nxd4 {[%clk 1:32:05]}
e5 {[%clk 1:31:55]} 5. Nb5 {[%clk 1:31:27]} d6 {[%clk 1:32:12]} 6. N1c3 {[%clk
1:30:03]} a6 {[%clk 1:32:25]} 7. Na3 {[%clk 1:30:17]} b5 {[%clk 1:32:42]} 8.
Nd5 {[%clk 1:29:32]} Nge7 {[%clk 1:32:49]} 9. c4 {[%clk 1:24:26]} Nxd5 {[%clk
1:32:12]} 10. cxd5 {[%clk 1:23:05]} Nd4 {[%clk 1:31:55]} 11. Bd3 {[%clk
1:19:15]} Be7 {[%clk 1:29:58]} 12. O-O {[%clk 1:18:09]} O-O {[%clk 1:29:20]}
13. f4 {[%clk 1:13:05]} f5 {[%clk 1:13:18]} 14. fxe5 {[%clk 0:55:48]} dxe5
{[%clk 1:12:26]} 15. Nc2 {[%clk 0:52:09]} Nxc2 {[%clk 1:09:48]} 16. Bxc2 {[%clk
0:51:10]} fxe4 {[%clk 1:00:05]} 17. Rxf8+ {[%clk 0:49:19]} Qxf8 {[%clk
0:59:45]} 18. d6 {[%clk 0:43:29]} Bh4 {[%clk 0:46:03]} 19. g3 {[%clk 0:40:44]}
Bd8 {[%clk 0:45:17]} 20. Be3 {[%clk 0:34:18]} Bb7 {[%clk 0:40:18]} 21. Qd2
{[%clk 0:32:25]} Rc8 {[%clk 0:30:41]} 22. Rf1 {[%clk 0:25:07]} Bf6 {[%clk
0:23:23]} 23. Bb3+ {[%clk 0:21:24]} Kh8 {[%clk 0:23:18]} 24. d7 {[%clk
0:20:56]} Rd8 {[%clk 0:21:13]} 25. Bb6 {[%clk 0:19:16]} e3 {[%clk 0:19:24]} 26.
Bxe3 {[%clk 0:19:03]} Bc6 {[%clk 0:18:33]} 27. Be6 {[%clk 0:16:23]} Qe7 {[%clk
0:18:43]} 28. Bb6 {[%clk 0:15:51]} Rxd7 {[%clk 0:16:52]} 29. Bxd7 {[%clk
0:15:45]} Bxd7 {[%clk 0:16:47]} 30. Rd1 {[%clk 0:14:46]} Be6 {[%clk 0:16:28]}
31. Qd8+ {[%clk 0:11:12]} Qxd8 {[%clk 0:16:36]} 32. Bxd8 {[%clk 0:11:30]} Bxa2
{[%clk 0:16:38]} 33. Bxf6 {[%clk 0:11:08]} gxf6 {[%clk 0:17:01]} 34. Ra1 {[%clk
0:09:08]} Bc4 {[%clk 0:16:47]} 35. Rxa6 {[%clk 0:09:18]} f5 {[%clk 0:16:55]}
36. Rf6 {[%clk 0:09:06]} Bd3 {[%clk 0:17:10]} 37. Re6 {[%clk 0:08:32]} e4
{[%clk 0:17:21]} 38. Re5 {[%clk 0:08:32]} Kg7 {[%clk 0:16:51]} 39. Rxf5 {[%clk
0:04:32]} e3 {[%clk 0:16:41]} 40. Re5 {[%clk 0:04:29]} e2 {[%clk 0:16:50]} 41.
Kf2 {[%clk 0:04:36]} Bc4 {[%clk 0:15:43]} 42. Re3 {[%clk 0:03:50]} 1-0

[Event "Deutsche Ländermeisterschaft 2021"]
[Site "Neumünster GER"]
[Date "2021.10.05"]
[Round "6"]
[White "Stelmaszyk, Nico"]
[Black "Farokhi, Keyvan"]
[Result "1-0"]
[Termination "normal"]
[Board "4.1"]
[WhiteTitle "FM"]
[WhiteElo "2311"]
[BlackElo "2238"]
[WhiteClock "00:08:19"]
[BlackClock "00:20:53"]
[WhiteTeam "Niedersachsen"]
[BlackTeam "Schleswig-Holstein"]
[PlyCount "55"]
[WhiteFideId "16200462"]
[BlackFideId "12998630"]
[EventCountry "GER"]
[EventRounds "7"]
[EventType "team-swiss"]
[EventDate "2021.10.01"]

1. e4 {[%clk 1:30:59]} c5 {[%clk 1:30:53]} 2. c3 {[%clk 1:31:25]} d5 {[%clk
1:31:18]} 3. exd5 {[%clk 1:31:50]} Qxd5 {[%clk 1:31:40]} 4. d4 {[%clk 1:32:16]}
Nf6 {[%clk 1:32:02]} 5. Nf3 {[%clk 1:32:37]} e6 {[%clk 1:32:23]} 6. Na3 {[%clk
1:32:57]} Nc6 {[%clk 1:32:28]} 7. Be3 {[%clk 1:33:12]} cxd4 {[%clk 1:27:54]} 8.
Nb5 {[%clk 1:33:34]} Qd8 {[%clk 1:28:18]} 9. Nbxd4 {[%clk 1:33:56]} Nxd4 {[%clk
1:27:07]} 10. Bxd4 {[%clk 1:25:08]} Be7 {[%clk 1:23:32]} 11. Bd3 {[%clk
1:24:26]} O-O {[%clk 1:17:25]} 12. Qc2 {[%clk 1:22:36]} h6 {[%clk 1:16:36]} 13.
O-O-O {[%clk 1:17:59]} Qa5 {[%clk 1:13:26]} 14. Kb1 {[%clk 1:17:34]} e5 {[%clk
1:07:35]} 15. Nxe5 {[%clk 1:15:18]} Be6 {[%clk 1:07:50]} 16. Bc4 {[%clk
1:12:45]} Nd5 {[%clk 1:03:17]} 17. Rhe1 {[%clk 1:02:49]} Rac8 {[%clk 0:59:32]}
18. Bb3 {[%clk 0:55:22]} Rfd8 {[%clk 0:52:18]} 19. Ka1 {[%clk 0:47:23]} Qa6
{[%clk 0:48:12]} 20. Qd3 {[%clk 0:29:40]} b5 {[%clk 0:46:32]} 21. Qf3 {[%clk
0:26:47]} b4 {[%clk 0:34:21]} 22. Nxf7 {[%clk 0:20:23]} Nxc3 {[%clk 0:22:41]}
23. Rxe6 {[%clk 0:08:30]} Nxd1 {[%clk 0:20:17]} 24. Nxh6+ {[%clk 0:08:15]} Kh8
{[%clk 0:20:37]} 25. Bxg7+ {[%clk 0:07:41]} Kxg7 {[%clk 0:21:00]} 26. Qg4+
{[%clk 0:07:55]} Kh7 {[%clk 0:20:53]} 27. Qg6+ {[%clk 0:08:19]} Kh8 28. Nf7#
1-0

[Event "Deutsche Ländermeisterschaft 2021"]
[Site "Neumünster GER"]
[Date "2021.10.05"]
[Round "6"]
[White "Bornholdt, Joa Max"]
[Black "Hommer, Jeremy"]
[Result "1/2-1/2"]
[Termination "normal"]
[Board "4.2"]
[WhiteElo "1956"]
[BlackElo "2278"]
[WhiteClock "00:50:05"]
[BlackClock "00:29:54"]
[WhiteTeam "Schleswig-Holstein"]
[BlackTeam "Niedersachsen"]
[PlyCount "53"]
[WhiteFideId "16253477"]
[BlackFideId "12992577"]
[EventCountry "GER"]
[EventRounds "7"]
[EventType "team-swiss"]
[EventDate "2021.10.01"]

1. e4 {[%clk 1:30:56]} e6 {[%clk 1:30:55]} 2. d4 {[%clk 1:31:21]} d5 {[%clk
1:31:20]} 3. Nd2 {[%clk 1:31:47]} c5 {[%clk 1:31:18]} 4. c3 {[%clk 1:32:11]}
cxd4 {[%clk 1:30:37]} 5. cxd4 {[%clk 1:32:35]} dxe4 {[%clk 1:30:40]} 6. Nxe4
{[%clk 1:32:59]} Nc6 {[%clk 1:30:35]} 7. Nf3 {[%clk 1:33:23]} Be7 {[%clk
1:29:41]} 8. Bd3 {[%clk 1:33:46]} Nf6 {[%clk 1:28:30]} 9. O-O {[%clk 1:34:10]}
O-O {[%clk 1:26:09]} 10. Nc3 {[%clk 1:34:32]} b6 {[%clk 1:25:15]} 11. a3 {[%clk
1:34:54]} Bb7 {[%clk 1:24:40]} 12. Bc2 {[%clk 1:35:13]} a6 {[%clk 1:08:49]} 13.
Re1 {[%clk 1:34:30]} Qc7 {[%clk 1:07:53]} 14. Bg5 {[%clk 1:26:59]} Rfd8 {[%clk
1:02:43]} 15. Rc1 {[%clk 1:14:17]} Rac8 {[%clk 0:57:45]} 16. Qd3 {[%clk
1:10:04]} g6 {[%clk 0:57:11]} 17. Ne4 {[%clk 1:09:20]} Nxe4 {[%clk 0:56:23]}
18. Rxe4 {[%clk 1:08:31]} Bxg5 {[%clk 0:42:52]} 19. Nxg5 {[%clk 1:08:21]} Ne5
{[%clk 0:42:53]} 20. Qh3 {[%clk 1:07:56]} Bxe4 {[%clk 0:42:55]} 21. Qxh7+
{[%clk 1:08:05]} Kf8 {[%clk 0:43:20]} 22. Nxe4 {[%clk 1:07:10]} Rxd4 {[%clk
0:29:08]} 23. Qh8+ {[%clk 1:06:28]} Ke7 {[%clk 0:29:32]} 24. Qh4+ {[%clk
1:01:55]} Kf8 {[%clk 0:29:06]} 25. Qh8+ {[%clk 0:56:44]} Ke7 {[%clk 0:29:36]}
26. Qh4+ {[%clk 0:53:29]} Kf8 {[%clk 0:29:54]} 27. Qh8+ {[%clk 0:50:05]}
1/2-1/2

[Event "Deutsche Ländermeisterschaft 2021"]
[Site "Neumünster GER"]
[Date "2021.10.05"]
[Round "6"]
[White "Pubantz, Jan"]
[Black "Bosselmann, Tom Linus"]
[Result "1-0"]
[Termination "normal"]
[Board "4.3"]
[WhiteElo "2274"]
[BlackElo "2064"]
[WhiteClock "00:04:36"]
[BlackClock "00:26:53"]
[WhiteTeam "Niedersachsen"]
[BlackTeam "Schleswig-Holstein"]
[PlyCount "73"]
[WhiteFideId "12996114"]
[BlackFideId "12983845"]
[EventCountry "GER"]
[EventRounds "7"]
[EventType "team-swiss"]
[EventDate "2021.10.01"]

1. d4 {[%clk 1:30:51]} Nf6 {[%clk 1:30:45]} 2. Nf3 {[%clk 1:31:09]} g6 {[%clk
1:31:10]} 3. g3 {[%clk 1:31:30]} Bg7 {[%clk 1:31:36]} 4. Bg2 {[%clk 1:31:56]}
O-O {[%clk 1:32:00]} 5. O-O {[%clk 1:32:16]} d6 {[%clk 1:32:23]} 6. b3 {[%clk
1:32:36]} c5 {[%clk 1:30:31]} 7. Bb2 {[%clk 1:32:44]} Nc6 {[%clk 1:30:16]} 8.
c4 {[%clk 1:22:01]} a6 {[%clk 1:29:33]} 9. Nc3 {[%clk 1:20:37]} Bg4 {[%clk
1:26:16]} 10. dxc5 {[%clk 1:08:39]} dxc5 {[%clk 1:26:28]} 11. Na4 {[%clk
1:06:53]} Qd6 {[%clk 1:18:52]} 12. Qc1 {[%clk 0:55:05]} e5 {[%clk 1:09:46]} 13.
Qe3 {[%clk 0:47:32]} Nd7 {[%clk 1:06:24]} 14. Ng5 {[%clk 0:44:15]} Bf5 {[%clk
0:58:35]} 15. Rad1 {[%clk 0:39:05]} Qe7 {[%clk 0:57:26]} 16. Bxc6 {[%clk
0:37:38]} bxc6 {[%clk 0:57:46]} 17. Ne4 {[%clk 0:36:48]} Bxe4 {[%clk 0:50:29]}
18. Qxe4 {[%clk 0:37:17]} Rac8 {[%clk 0:49:57]} 19. Ba3 {[%clk 0:33:24]} Rfd8
{[%clk 0:48:21]} 20. Qe3 {[%clk 0:31:33]} Bf8 {[%clk 0:48:40]} 21. Rd2 {[%clk
0:29:46]} Rb8 {[%clk 0:44:08]} 22. Rfd1 {[%clk 0:29:14]} h5 {[%clk 0:41:11]}
23. Bb2 {[%clk 0:15:17]} Bg7 {[%clk 0:32:41]} 24. Qe4 {[%clk 0:14:40]} Rbc8
{[%clk 0:30:58]} 25. Rd6 {[%clk 0:12:17]} Nf6 {[%clk 0:29:26]} 26. Rxd8+ {[%clk
0:08:11]} Rxd8 {[%clk 0:29:51]} 27. Rxd8+ {[%clk 0:08:38]} Qxd8 {[%clk
0:30:14]} 28. Qxe5 {[%clk 0:08:36]} Ne8 {[%clk 0:29:58]} 29. Qe3 {[%clk
0:08:10]} Bd4 {[%clk 0:29:46]} 30. Bxd4 {[%clk 0:07:16]} cxd4 {[%clk 0:30:10]}
31. Qe4 {[%clk 0:07:30]} Qd7 {[%clk 0:26:26]} 32. Nc5 {[%clk 0:07:14]} Nf6
{[%clk 0:26:39]} 33. Qe5 {[%clk 0:06:10]} Qd8 {[%clk 0:26:47]} 34. Nxa6 {[%clk
0:05:35]} Qa8 {[%clk 0:26:48]} 35. Qb8+ {[%clk 0:04:08]} Qxb8 {[%clk 0:27:09]}
36. Nxb8 {[%clk 0:04:37]} c5 {[%clk 0:26:53]} 37. a4 {[%clk 0:04:36]} 1-0